Подробности
| 000 -МАРКЕР |
| контрольное поле |
02652nam0a2200457 4500 |
| 001 - ИДЕНТИФИКАТОР ЗАПИСИ |
| контрольное поле |
RU\NLR\bibl\305202 |
| 005 - ИДЕНТИФИКАТОР ВЕРСИИ |
| контрольное поле |
20260406071812.0 |
| 010 ## - МЕЖДУНАРОДНЫЙ СТАНДАРТНЫЙ НОМЕР КНИГИ (ISBN) |
| Номер (ISBN) |
5-16-000978-7 |
| Тираж |
100000 |
| 021 ## - НОМЕР ГОСУДАРСТВЕННОЙ РЕГИСТРАЦИИ |
| Код страны |
Российская Федерация |
| Номер |
2002-23532 |
| Номер Листа государственной регистраци |
1180 |
| 035 ## - ДРУГИЕ СИСТЕМНЫЕ НОМЕРА |
| Идентификатор записи |
(NLR Aleph) 000300370 |
| 100 ## - ДАННЫЕ ОБЩЕЙ ОБРАБОТКИ |
| Данные общей обработки |
20020904d2002 |||y0rusy50 ca |
| 101 0# - ЯЗЫК РЕСУРСА |
| Язык текста, звукозаписи и т.д. |
русский |
| 102 ## - СТРАНА ПУБЛИКАЦИИ ИЛИ ПРОИЗВОДСТВА |
| Страна публикации |
Российская Федерация |
| 105 ## - ПОЛЕ КОДИРОВАННЫХ ДАННЫХ: ТЕКСТОВЫЕ МАТЕРИАЛЫ, МОНОГРАФИЧЕСКИЕ |
| Кодированные данные о монографическом текстовом документе |
a ||||||||| |
| 200 1# - ЗАГЛАВИЕ И СВЕДЕНИЯ ОБ ОТВЕТСТВЕННОСТИ |
| Основное заглавие |
Организация производства и управление предприятием |
| Сведения, относящиеся к заглавию |
Учебник |
| -- |
Для студентов вузов, обуч. по техн. специальностям |
| Первые сведения об ответственности |
[Туровец О.Г., Попов В.Н., Родионов В.Б. и др.] |
| Последующие сведения об ответственности |
Под ред. О.Г. Туровца |
| 210 ## - ПУБЛИКАЦИЯ, РАСПРОСТРАНЕНИЕ И ДР. |
| Место издания, распространения и т.д. |
М. |
| Имя издателя, распространителя и т. д. |
ИНФРА-М |
| Дата издания, распространения и т.д. |
2002 |
| 215 ## - ФИЗИЧЕСКАЯ ХАРАКТЕРИСТИКА |
| Специфическое обозначение материала и объем |
527 с. |
| Другие сведения о физической характеристике |
ил. |
| Размеры |
21 |
| 225 1# - СЕРИЯ |
| Основное заглавие серии |
Высшее образование |
| 300 ## - ОБЩИЕ ПРИМЕЧАНИЯ |
| Текст примечания |
Авт. указаны на 3-й с. |
| 320 ## - ПРИМЕЧАНИЯ О НАЛИЧИИ В ДОКУМЕНТЕ БИБЛИОГРАФИИ / УКАЗАТЕЛЯ |
| Текст примечания |
Библиогр.: с. 521-523 |
| 606 0# - НАИМЕНОВАНИЕ ТЕМЫ КАК ПРЕДМЕТ |
| Наименование темы |
Промышленность |
| Формальный подзаголовок |
Руководства, пособия и т.п. для высшей школы |
| Тематический подзаголовок |
Организация |
| Системный номер авторитетной/нормативной записи |
896412 |
| Идентификатор авторитетной/нормативной записи |
RU\NLR\auth\664941 |
| 606 1# - НАИМЕНОВАНИЕ ТЕМЫ КАК ПРЕДМЕТ |
| Наименование темы |
Промышленность |
| Формальный подзаголовок |
Учебные издания для высшей школы |
| Тематический подзаголовок |
Организация |
| Системный номер авторитетной/нормативной записи |
896412 |
| Идентификатор авторитетной/нормативной записи |
RU\NLR\auth\664941 |
| 606 0# - НАИМЕНОВАНИЕ ТЕМЫ КАК ПРЕДМЕТ |
| Наименование темы |
Промышленные предприятия |
| Формальный подзаголовок |
Руководства, пособия и т.п. для высшей школы |
| Тематический подзаголовок |
Управление |
| Системный номер авторитетной/нормативной записи |
1545107 |
| Идентификатор авторитетной/нормативной записи |
RU\NLR\auth\66674279 |
| 606 1# - НАИМЕНОВАНИЕ ТЕМЫ КАК ПРЕДМЕТ |
| Наименование темы |
Промышленные предприятия |
| Формальный подзаголовок |
Учебные издания для высшей школы |
| Тематический подзаголовок |
Управление |
| Системный номер авторитетной/нормативной записи |
1545107 |
| Идентификатор авторитетной/нормативной записи |
RU\NLR\auth\66674279 |
| 610 0# - НЕКОНТРОЛИРУЕМЫЕ ПРЕДМЕТНЫЕ ТЕРМИНЫ |
| Предметный термин |
Промышленные предприятия - Организация производства |
| 610 0# - НЕКОНТРОЛИРУЕМЫЕ ПРЕДМЕТНЫЕ ТЕРМИНЫ |
| Предметный термин |
Промышленные предприятия - Управление |
| 675 ## - УНИВЕРСАЛЬНАЯ ДЕСЯТИЧНАЯ КЛАССИФИКАЦИЯ (UDC/УДК) |
| Индекс |
658.012(075.8) |
| Издание |
3 |
| Язык издания |
rus |
| 686 ## - ИНДЕКСЫ ДРУГИХ КЛАССИФИКАЦИЙ |
| Индекс |
06.81 |
| Код системы |
|
| 686 ## - ИНДЕКСЫ ДРУГИХ КЛАССИФИКАЦИЙ |
| Индекс |
65.290-93я73 |
| Код системы |
|
| 686 ## - ИНДЕКСЫ ДРУГИХ КЛАССИФИКАЦИЙ |
| Индекс |
У30(2)-801я73 |
| 686 ## - ИНДЕКСЫ ДРУГИХ КЛАССИФИКАЦИЙ |
| Индекс |
У30(2)-212.1я73 |
| 701 #1 - ИМЯ ЛИЦА - АЛЬТЕРНАТИВНАЯ ОТВЕТСТВЕННОСТЬ |
| Код отношения |
Автор |
| Материалы, к которым относится поле |
rus |
| Графика поля |
Кириллица |
| Начальный элемент ввода |
Туровец |
| Часть имени, кроме начального элемента ввода |
О. Г. |
| Расширение инициалов личного имени |
Оскар Григорьевич |
| Дополнения к именам, кроме дат |
экономист |
| Идентификатор авторитетной/нормативной записи |
RU\NLR\auth\7728793 |
| Системный номер авторитетной/нормативной записи |
11824 |
| 701 #1 - ИМЯ ЛИЦА - АЛЬТЕРНАТИВНАЯ ОТВЕТСТВЕННОСТЬ |
| Код отношения |
Автор |
| Материалы, к которым относится поле |
rus |
| Графика поля |
Кириллица |
| Начальный элемент ввода |
Попов |
| Часть имени, кроме начального элемента ввода |
В. Н. |
| Дополнения к именам, кроме дат |
д-р экон. наук, организация производства |
| Даты |
1939-2025 |
| Расширение инициалов личного имени |
Владимир Николаевич |
| Идентификатор авторитетной/нормативной записи |
RU\NLR\auth\7760302 |
| Системный номер авторитетной/нормативной записи |
43233 |
| 701 #1 - ИМЯ ЛИЦА - АЛЬТЕРНАТИВНАЯ ОТВЕТСТВЕННОСТЬ |
| Код отношения |
Автор |
| Материалы, к которым относится поле |
rus |
| Графика поля |
Кириллица |
| Начальный элемент ввода |
Родинов |
| Часть имени, кроме начального элемента ввода |
В. Б. |
| Расширение инициалов личного имени |
Владимир Борисович |
| Идентификатор авторитетной/нормативной записи |
RU\NLR\auth\7778765 |
| Системный номер авторитетной/нормативной записи |
61693 |
| 801 #0 - ИСТОЧНИК ЗАПИСИ |
| Страна |
Российская Федерация |
| Организация |
RKP |
| Дата составления |
20020904 |
| Правила каталогизации |
PSBO |
| 801 #1 - ИСТОЧНИК ЗАПИСИ |
| Страна |
Российская Федерация |
| Организация |
RKP |
| Дата составления |
20020904 |
| 801 #2 - ИСТОЧНИК ЗАПИСИ |
| Страна |
Российская Федерация |
| Организация |
NLR |
| Дата составления |
20090914 |
| Правила каталогизации |
rcr |
| 942 ## - ДОПОЛНИТЕЛЬНЫЕ ЭЛЕМЕНТЫ ЗАПИСИ (АБИС) |
| Тип экземпляра АБИС |
Книга |
| 980 ## - КОЛЛЕКЦИЯ |
| Название коллекции |
Национальная библиография |